000
00311nam a22001337a 4500
020
_a
0-632-01933-6
082
_a
621.38173 GAA'M
100
_a
MUM, JOSEPH
_9
64756
245
_a
GAAS INTEGRATED CIRCUITS
260
_a
OXFORD
_b
BSP
_c
1988
300
_a
457P
650
_a
INTEGRATED CIRCUITS
_9
2960
942
_c
BK
999
_c
573162
_d
573162